| 000 | 00794nam a2200229 a 4500 | ||
|---|---|---|---|
| 001 | BRCA_1446 | ||
| 005 | 20190320203430.0 | ||
| 008 | 791011s1978 caua---##b---#000-0#eng-d | ||
| 041 | _aeng | ||
| 050 | 4 |
_aNK844 _b.J48 1978 |
|
| 100 | 1 |
_aJeter, James _94735 |
|
| 245 | 1 | 0 |
_aThe Saltillo Sarape _ctext by James Jeter, Paula Marie Juelke ; photography by Michael Caden. |
| 260 |
_aSanta Barbara, California _bNew World Arts _c1978 |
||
| 300 |
_a97 p. _bil. a color _c28 cm. |
||
| 500 | _aCatálogo de la exposición organizada por The Santa Barbara Museum of Art | ||
| 504 | _aBibliografía: p. 34-35 | ||
| 650 | 1 | 4 |
_aSarapes _vExposiciones _zMéxico _94736 |
| 650 | 1 | 4 |
_aTelas _zSaltillo, México _94737 |
| 700 | 1 |
_aJuelke, Paula Marie _94738 |
|
| 700 | 1 |
_aCaden, Michael _94739 |
|
| 942 |
_2lcc _cB |
||
| 999 |
_c1308 _d1308 |
||